000 01202nam0a22002411 4500
001 rc\280469
005 20030307120646.3
035 _a(NLR Aleph) 005507743
090 _a5373277
_c5373277
100 _a20030307d1990 u |0rusy50 ca
101 0 _arus
102 _aRU
105 _ay |||||||||
200 1 _aОРГАНИЗАЦИЯ учета при внутрихозяйственных кооперативных отношениях
_e(Опыт совхоза "Завет Ильича" Щигр. р-на Кур. обл.)
_f[ВДНХ СССР, Госагропром СССР], Всерос. отд-ние ВАСХНИЛ, Всерос. НИИ экономики, труда и упр. в сел. хоз-ве
_g[Подгот.: Калачева Е.А., к. э. н. и др.]
210 _aМ.
_cВНИЭТУСХ
_d1990
215 _a10 с.
_d20
702 1 _aКалачева
_bЕ. А.
_gЕкатерина Алексеевна
_4570
712 0 2 _aВсероссийский НИИ экономики, труда и упр. в сельском хозяйстве
_3RU\NLR\AUTH\889920343
801 0 _aRU
_bNLR
_gpsbo
801 1 _aRU
_bELAR
_2rusmarc
852 _aNLR
_j90-4/10618
942 _cBOOK
980 _aNB